000 00733cab a22001935a 4500
001 L156959
008 120731e20120127xxkd f 000 0 eng d
035 _a(Sirsi) u156959
041 0 _aeng
100 1 _aFordham, Peter
245 0 0 _aMarket forecast
_bfurther to fall
260 _c2012
490 0 _aBuilding
_v277(8738) 27 July 2012, 54-56(3)
520 _aConstruction activity is expected to keep slowing until the end of 2013, with prices rising slightly. Executive summary, trends and forecast, hot topic: where's the money? construction output and new orders, and building cost index. Davis Langdon Index Series.
590 _aKA
651 4 _aUnited Kingdom
_y
690 _aConstruction management
_96230
942 _n0
999 _c84213
_d84213